000 00912nam a2200253Ia 4500
003 OSt
005 20221005112139.0
006 a|||||r|||| 00| 0
007 ta
008 221004b |||||||| |||| 00| 0 pan d
020 _a817205629X (hbk)
_cINR 495.00
024 _a66617
037 _b1176, 22/01/2020, H.K. Prakashan
_cTextual
040 _aCRL
_cCRL
_bpan
041 _2pan
_apan
082 _aQ8441xI69, 153Q9
100 _aਸਿੰਘ, ਰੂਪ, ਂਚ.
245 0 _aਕਲਿ ਤਾਰਣਿ ਗੁਰੁ ਨਾਨਕ ਆਇਆ.......
260 _aਅੰਮ੍ਰਿਤਸਰ
_bਸਿੰਘ ਬ੍ਰਦਰਗ਼ ਭਾਰਤ
_c2019
300 _a83ਪ੍ਰ0
_ccm.
650 _aਗੁਰੂ ਨਾਨਕ ਦੇਵ
_9159107
942 _hQ8441xI69, 153Q9
_cTEXL
_2cc
999 _c1023959
_d1023959